000 00471nam a2200181Ia 4500
008 100917s9999 xx 000 0 und d
082 _b32798
100 _aआपटे ना. ह.
245 _aकोंडाकणी
260 _bआपटे आणि मंडळी
_c1961
300 _a106
365 _b2.5
520 _aकथा
630 _aकोंडाकणी
650 _aकथा
730 _aकोंडाकणी
942 _cBOOK
999 _c638192
_d638189